000 01494ctm a22002891aa4500
003 SA-RiAUC
005 20251216133539.0
007 co ug ---uuauu         
008 251215s1984 su fsbm 00000 ara c
040 _aSA-JeALM
_bara
_cSA-RiAUC
_erda
082 0 4 _a251
_qSA-RiAUC
090 _aر 251
_bا ب ن ح
100 1 _aابن حميد، أحمد بن عبد الله
245 1 2 _aالقواعد تأليف أبي عبد الله محمد بن محمد بن أحمد المقرئ المتوفى عام 758 هـ/
_cإعداد أحمد بن عبد الله بن حميد ؛ إشراف عبد الوهاب إبراهيم أبو سليمان.
260 _c1984
264 _aمكة المكرمة :
_bجامعة أم القرى .
_c1983
300 _a2 مجلد ؛
_c30 سم .
500 _aأطروحة (دكتوراه)-جامعة أم القرى، كلية الشريعة، قسم الدراسات العليا، 1984.
502 _aأطروحة (دكتوراه)-جامعة أم القرى، كلية الشريعة، قسم الدراسات العليا، 1984.
504 _aيشتمل على إرجاعات ببليوجرافية.
530 _aمتاحة نسخة على شكل مطبوع.
650 7 _aالقواعد الفقهية
_2aucsh
650 7 _aأصول الفقه الإسلامي
_2aucsh
700 _aابو سليمان، عبدالوهاب ابراهيم
_eمشرف .
942 _2ddc
_cTHESES
_n0
949 _aSA-JeALM
_d251215
_uosman123
_n1
999 _c13569
_d13569